000 00640nam a2200253Ia 4500
008 160303s9999 xx 000 0 und d
020 _a971-914-322-3
050 _aFIL HG 3314
050 _b.M57 2002 c.1
100 _aMiranda, Gregorio S.
245 _aCommercial banking /
245 _cGregorio S. Miranda.
250 _aUpdated Edition
260 _a[s.l.] :
260 _bL and G Business House,
260 _c2002
300 _a245 pages :
300 _billustrations ;
300 _c22 cm.
650 _aBanking law --
650 _aBanks and banking --
650 _xPhilippines.
650 _xPhilippines.
999 _c291304
_d291304